Quizzes
Events
Quiz Creation
Community
Videos
Private Events
Remove Ads
Sign In
Join for FREE
Feedback
Dark Mode
Quiz Categories
Sports
Geography
Music
Movies
Television
Just For Fun
Miscellaneous
History
Literature
Language
Science
Gaming
Entertainment
Religion
Holiday
For Kids
Quiz Lab
Recent
Popular Today
Quiz Kudos Today
Editor Picks
Curator Picks
Quizzes by...
Day
Popularity
Type
Ratings
Length
Year
Community
Subscriptions
Recent Discussions
Orange Saloon
Badges
Playlists
Quests
Create
Leaderboards
Showdown
Live 5
Trivia Bingo
Activity
Puzzle Library
Sporcle Events
Private Events
Virtual Trivia
Globe League
Become a Host
Pub Owners
SporcleCon
Opinionation
Our Games
Videos
Blog
Mobile Apps
Partnerships
Remove Ads and Go Orange
Feedback
Sports
Athletes
MLB
NBA
NHL
NFL
Soccer
Sports Teams
WWE
NCAA
Football
Premier League
Basketball
Baseball
Hockey
Golf
Tennis
Cricket
Rugby
Auto Racing
Olympics
World Cup
Sports
Athletes
MLB
NBA
NHL
NFL
Soccer
Sports Teams
WWE
NCAA
Football
Premier League
Basketball
Baseball
Hockey
Golf
Tennis
Cricket
Rugby
Auto Racing
Olympics
World Cup
Random Quiz
Search Sporcle
×
Quiz Lab
Quiz Lab
Sports
Win
Type in answers that appear in a list
Type in answers that appear in a list
Classic
Best Score? Go Orange.
UFC fighters current winning & losing streaks(UFC only) Stats
Can you name the UFC fighters current winning and losing streaks?
By
Marshall89
10m
40 Questions
298 Plays
298 Plays
298 Plays
Comments
Comments
Give Quiz Kudos
Give Quiz Kudos
-
- Ratings
hide this ad
More Info
Replay
Link that replays current quiz
Next Quiz
Link to next quiz in quiz playlist
You Got
0%
They Got
Avg Score
33%
Avg Friend Score
Upgrade to see
Score Distribution
Jump to the score distribution portion of the page
Score
0/40
Timer
10:00
0
Plays Today
Wins/Losses
Fighter
% Correct
Winning Streak
Jon Jones
97.3%
Winning Streak
Georges St-Pierre
94.6%
Winning Streak
José Aldo
76.2%
Winning Streak
Renan Barão
73.7%
Winning Streak
Chris Weidman
73.1%
Winning Streak
Johny Hendricks
54.2%
Winning Streak
Rafael dos Anjos
53%
Winning Streak
Rory MacDonald
47.8%
Winning Streak
Demetrious Johnson
46.5%
Winning Streak
Anthony Pettis
44.4%
Winning Streak
Khabib Nurmagomedov
40.6%
Winning Streak
Matt Brown
38.4%
Winning Streak
Francis Carmont
33%
Winning Streak
Cub Swanson
32.1%
Winning Streak
Glover Teixeira
30.1%
Winning Streak
Chad Mendes
30%
Losing Streak
Alessio Sakara
29.6%
Losing Streak
Yoshihiro Akiyama
27.9%
Winning Streak
Ricardo Lamas
25.1%
Winning Streak
TJ Dillashaw
24.6%
Wins/Losses
Fighter
% Correct
Winning Streak
TJ Grant
24.4%
Losing Streak
Frank Mir
22.4%
Winning Streak
Josh Barnett
21.4%
Losing Streak
George Sotiropoulos
19.4%
Winning Streak
Dennis Bermudez
18.5%
Losing Streak
Norifumi Yamamoto
17.8%
Losing Streak
Spencer Fisher
16.8%
Losing Streak
Kyle Kingsbury
16.2%
Losing Streak
Tiequan Zhang
16.2%
Winning Streak
Raphael Assunção
15.9%
Losing Streak
Chris Leben
10.6%
Losing Streak
Duane Ludwig
10.4%
Losing Streak
John Albert
10.1%
Losing Streak
Hatsu Hioki
9.9%
Winning Streak
Myles Jury
8.7%
Winning Streak
Brad Tavares
6.2%
Losing Streak
Keith Wisniewski
5.7%
Winning Streak
Mike Pierce
4.1%
Losing Streak
Jared Hamman
2.9%
Losing Streak
Dustin Pague
2.9%
Quiz Playlist
Details
Report
Send in Message
Add To Playlist
More Info:
UFC fights only are included
Classic:
Type in answers that appear in a list
Last Updated: Feb 16, 2017
Quiz Scoreboard
CHALLENGE
Sign Up to Join the Scoreboard
Show All
Scores
Hide
Comments
May contain spoilers
Recently Published
An Introduction to Baseball
by treessimontrees
Sports
5m
Movies - When Are They Set?
by FPL_Elf
Movies
5m
Popular People in 1961
by mucciniale
History
6m
More to Explore
Quiz From the Vault
Featured Blog Post
Where Did the Easter Bunny Come From?
hide this ad
You Might Also Like...
Tags
Fighter
Losing
loss
MMA
streak
UFC
Win
Winning
Today's Top Quizzes in Sports
Browse Sports
hide this ad
Today's Top Quizzes in Win
Browse Win
Top Contributed Quizzes in Sports
1
Les meilleurs buteurs des matchs entre le PSG et l’OM
2
2022 World Cup Stars
3
FIFA Club World Cup Champions
4
Les entraîneurs de l'OM et du PSG au 21e siècle
5
Name the Premier League winners with different clubs
6
La finale Lions - Afrique du Sud 2021
7
Criteria MLB: Left Handed Sluggers
8
Les joueurs passés par le LOSC et le RC Lens
9
Players with Multiple 50 Home Run Seasons
10
MLB Players with Two .350 Batting Average Seasons
Explore More
Trending Topics
Disney
NBA
Harry Potter
Crossword
Anime
Kpop
Marvel
Song
Pokémon
Puzzle
Country
The Office
NFL
Soccer
WWE
hide this ad
More By:
Marshall89
Quiz
Plays
Rating
Category
Featured
Created
Premier League Scorers per Team (2012-13)
14,602
4.59
Sports
Mar 10, 2013
La Liga Champions XIs since 1996/97 season
13,629
4.23
Sports
Jun 15, 2013
Leading Premier League scorers (Still Playing in Prem)
12,681
4.24
Sports
Sep 3, 2012
EPL 100: Best Premier League Players 2013/14
10,675
2.60
Sports
Aug 16, 2013
Premier League's Brazil Internationals
10,017
4.54
Sports
Oct 1, 2012
Go to Creator's Profile
Score Distribution
Quiz Creator Spotlight
Marshall89
Follow
Send a Message
Quizzes Created
-
Created Quiz Play Count
-
More By This Creator
Popular Quizzes Today
1
Find the Countries of Europe - No Outlines Minefield
2
Find the US States - No Outlines Minefield
3
The Countries of the World
4
Popular People in 1961
5
US States
6
1-10 Letter E Words III
7
Find the US States
8
One Thing in Common: World Cities II
More Sports Quizzes
Napoli's Number 8's
Quiz Lab
Trending Quizzes
Risky Map Clicking: Least Populous States A-Z
1-10 Letter F Words
1-10 Letter G Words
One Thing in Common: United Kingdom
Risky Map Clicking: Next State Alphabetically
Recently Updated
Leaping Animals
pecheneg
Reality TV Shows (A-Z)
bhenderson79
Rickey Henderson's Hall of Fame Teammates
pecheneg
Champions League XIs: Arsenal
pecheneg
Quick Pick: Celebrities in WWE's Hall of Fame
aduchscher
A-Z Keypad Blitz II
pecheneg
Multiple Oscar Actors
pecheneg
Mystery Phrase Blitz: Oscar 'Best Actors'
pecheneg
F. Scott Fitzgerald Novels
LTH
Pick 3 Villains
ddd62291
Trending Topics
Harry Potter
Anime
Crossword
Marvel
NBA
Disney
Kpop
NFL
The Office
Pokémon
WWE
Soccer
Song
Puzzle
Country
Your Account Isn't Verified!
In order to create a playlist on Sporcle, you need to verify the email address you used during registration. Go to your
Sporcle Settings
to finish the process.
Report this User
Report this user for behavior that violates our
Community Guidelines
.
Details:
Send Report
Go to the Sporcle.com Mobile Site →
Comments